Catalog

Record Details

Catalog Search



A telegram from Le Touquet / John Bude ; with an ... Read More

Edwards, Martin, 1955-(writer of introduction.).

Available copies

  • 2 of 2 copies available at LARL/NWRL Consortium.
  • 2 of 2 copies available at Lake Agassiz Regional Library. (Show preferred library)

Current holds

0 current holds with 2 total copies.

Show Only Available Copies
Location Call Number / Copy Notes Barcode Shelving Location Status Due Date
Ada Public Library M BUD (Text) 33500014313282 New Available -
Moorhead Public Library M BUD (Text) 33500014313274 New Available -

Record details

  • ISBN: 9781464230554
  • ISBN: 1464230552
  • Physical Description: xv, 267 pages ; 21 cm.
  • Publisher: Naperville, Illinois: Poisoned Pen Press, [2024]

Content descriptions

General Note:
"First published in 1956 by MacDonald & Co., London."--Title page verso.
Summary, etc.:
"With some trepidation, Nigel Derry approaches the ... Read More
Subject: France, Southern > Fiction.
British > France > Fiction.
Murder > Investigation > Fiction.
Country homes > Fiction.
Family secrets > Fiction.
Vacations > France > Fiction.
Genre: Detective and mystery fiction.
Novels.
LDR 03278cam a2200577 i 4500
001462902
003LARL_NWRL_CONSORTIUM
00520251215163135.0
008241209s2024 ilu 000 f eng
010 . ‡a 2024058867
040 . ‡aDLC ‡beng ‡erda ‡cDLC ‡dOCLCO ‡dIG# ‡dIH9 ‡dOCLCO ‡dOCLCL ‡dYDX ‡dVP@
020 . ‡a9781464230554 ‡qtrade paperback
020 . ‡a1464230552 ‡qtrade paperback
020 . ‡z9781464225024 ‡qelectronic publication
035 . ‡a(OCoLC)1446793954
042 . ‡apcc
043 . ‡ae-fr---
08204. ‡a823/.912 ‡223/eng/20241209 ‡1https://id.oclc.org/worldcat/ddc/E33H8KRw2gkwrQdHXQWFWcyg7V
1001 . ‡aBude, John, ‡d1901-1957, ‡eauthor. ‡1https://id.oclc.org/worldcat/entity/E39PCjxMPWMqGtBjFxBr6kPgmm
24512. ‡aA telegram from Le Touquet / ‡cJohn Bude ; with an introduction by Martin Edwards.
264 1. ‡aNaperville, Illinois: ‡bPoisoned Pen Press, ‡c[2024]
300 . ‡axv, 267 pages ; ‡c21 cm.
336 . ‡atext ‡btxt ‡2rdacontent
337 . ‡aunmediated ‡bn ‡2rdamedia
338 . ‡avolume ‡bnc ‡2rdacarrier
4900 . ‡aBritish Library crime classics
500 . ‡a"First published in 1956 by MacDonald & Co., London."--Title page verso.
520 . ‡a"With some trepidation, Nigel Derry approaches the country house of his enigmatic and unpredictable Aunt Gwenny for an Easter holiday visit. After a tense few days in which her guests' interactions range from awkward dinners to a knife fight, a disgruntled Aunt Gwenny departs for Europe. Receiving a telegram from Le Touquet inviting him to join Gwenny in the South of France, Nigel finds himself on a vacation cut short by murder as a cold shadow of suspicion eclipses the sunny beauty of the Côte d'Azur. Enter Inspector Blampignon of the Sûreté Nationale, whose problems abound as the case suggests that the crime may have occurred hundreds of miles away from where the victim was discovered. Undeterred, the formidable French detective embarks on a thrilling race to discover the truth"-- ‡cProvided by publisher.
651 0. ‡aFrance, Southern ‡vFiction.
650 0. ‡aBritish ‡zFrance ‡vFiction. ‡0(LARL_NWRL_CONSORTIUM)163737
650 0. ‡aMurder ‡xInvestigation ‡vFiction. ‡0(LARL_NWRL_CONSORTIUM)166203
650 0. ‡aCountry homes ‡vFiction. ‡0(LARL_NWRL_CONSORTIUM)164132
650 0. ‡aFamily secrets ‡vFiction. ‡0(LARL_NWRL_CONSORTIUM)164948
650 0. ‡aVacations ‡zFrance ‡vFiction.
655 7. ‡aDetective and mystery fiction. ‡2lcgft
655 7. ‡aNovels. ‡2lcgft
7001 . ‡aEdwards, Martin, ‡d1955- ‡ewriter of introduction. ‡1https://id.oclc.org/worldcat/entity/E39PBJmph4j8RQBVHYHxp7wwG3 ‡0(LARL_NWRL_CONSORTIUM)140880
77608. ‡iOnline version: ‡aBude, John,1901-1957. ‡tTelegram from Le Touquet ‡dNaperville, Illinois: Poisoned Pen Press, 2025. ‡z9781464225024 ‡w(DLC) 2024058868
901 . ‡a462902 ‡bOCoLC ‡c462902 ‡tbiblio ‡soclc

Additional Resources